| 000 | 00416nam a2200157Ia 4500 | ||
|---|---|---|---|
| 008 | 230312s9999||||xx |||||||||||||| ||und|| | ||
| 020 | _a0077471658 1 | ||
| 082 |
_a302.35 _bTRA |
||
| 100 | _aMcSHANE STEVEN | ||
| 245 | 0 | _aOrganizational Behaviour on the Pacific Rim | |
| 260 |
_bMcGraw Hill _aNew York _c2007 |
||
| 300 | _a596 | ||
| 546 | _aEng. | ||
| 650 |
_aEconomics _vIntroduction , Team Processes |
||
| 942 | _cBK | ||
| 999 |
_c2780 _d2780 |
||